[Event "2. Bundesliga Mitte 2009/2010"]
[Site "St. Veit/Glan"]
[Date "2010.04.18"]
[Round "11"]
[Board "4"]
[White "Ennsberger, Ulrich"]
[Black "Tober, Gerhard"]
[Result "1-0"]
[WhiteElo "2347"]
[BlackElo "2296"]
[PlyCount "77"]
[EventDate "2009.10.10"]
[EventType "team"]
[EventRounds "11"]
[EventCountry "AUT"]
[WhiteTeam "Union Ansfelden"]
[BlackTeam "ASK St. Valentin"]

1.e4 c5 2.Nf3 Nc6 3.Nc3 d6 4.d4 cxd4 5.Nxd4 Nf6 6.Be2 Bd7 7.O-O g6 8.Be3 Bg7
9.f4 O-O 10.Nb3 h5 11.h3 Qc8 12.Bf3 a5 13.a4 Be6 14.Rf2 Nb4 15.Nd4 Bd7 16.Qf1
Nc6 17.Ndb5 Be6 18.Nd5 Bxd5 19.exd5 Nb4 20.Qd1 Nd7 21.c3 Na6 22.f5 Ne5 23.Be4
Nc5 24.Bc2 Ncd7 25.b3 Nf6 26.c4 Kh7 27.Nd4 Bh6 28.fxg6+ fxg6 29.Bxh6 Kxh6 30.Ne6
Rg8 31.Qd2+ Kh7 32.Qg5 Nf7 33.Qe3 Qd7 34.Raf1 Rac8 35.g4 Ne5 36.Qg5 Nf7 37.Qh4
Ne5 38.Rxf6 exf6 39.Qxh5#

[Event "2. Bundesliga Mitte 2009/2010"]
[Site "St. Veit/Glan"]
[Date "2010.04.18"]
[Round "11"]
[Board "5"]
[White "Trauner, Rudolf"]
[Black "Moser, Guenter"]
[Result "1/2-1/2"]
[WhiteElo "2213"]
[BlackElo "2327"]
[PlyCount "60"]
[EventDate "2009.10.10"]
[EventType "team"]
[EventRounds "11"]
[EventCountry "AUT"]
[WhiteTeam "ASK St. Valentin"]
[BlackTeam "Union Ansfelden"]

1.Nf3 f5 2.c4 Nf6 3.Nc3 Nc6 4.g3 g6 5.Bg2 Bg7 6.O-O O-O 7.Rb1 e5 8.d3 d6 9.b4 h6
10.b5 Ne7 11.Qc2 g5 12.e3 Kh8 13.Re1 Qe8 14.Bb2 Qf7 15.c5 Be6 16.Ba3 Rad8
17.cxd6 cxd6 18.Rb4 b6 19.Rc1 Rd7 20.Rb2 Ng4 21.Qd2 Qh5 22.Rbc2 Kh7 23.Qe2 Qf7
24.Bb4 Qg6 25.Nd2 Kh8 26.h3 Nf6 27.Nc4 Nfd5 28.Bxd6 Nxc3 29.Rxc3 Bxc4 30.Bxe7
Bxd3

[Event "2. Bundesliga Mitte 2009/2010"]
[Site "St. Veit/Glan"]
[Date "2010.04.18"]
[Round "11"]
[Board "6"]
[White "Hellmayr, Alois"]
[Black "Heimberger, Reinhard"]
[Result "1/2-1/2"]
[WhiteElo "2269"]
[BlackElo "2257"]
[PlyCount "53"]
[EventDate "2009.10.10"]
[EventType "team"]
[EventRounds "11"]
[EventCountry "AUT"]
[WhiteTeam "Union Ansfelden"]
[BlackTeam "ASK St. Valentin"]

1.c4 e6 2.Nf3 d5 3.e3 Nf6 4.b3 Be7 5.Bb2 O-O 6.Be2 b6 7.O-O Bb7 8.d4 Ne4 9.Nbd2
Nd7 10.Nxe4 dxe4 11.Ne5 Nxe5 12.dxe5 Qxd1 13.Rfxd1 Rfd8 14.Kf1 Kf8 15.a3 Rxd1+
16.Rxd1 Rd8 17.Rxd8+ Bxd8 18.b4 Be7 19.Bc3 a5 20.Ke1 axb4 21.axb4 c5 22.b5 Ke8
23.Kd2 Kd7 24.Kc2 Kc7 25.Kd2 Kd7 26.Kc2 Kc7 27.Kd2

[Event "2. Bundesliga Mitte 2009/2010"]
[Site "St. Veit/Glan"]
[Date "2010.04.18"]
[Round "11"]
[Board "1"]
[White "Leitner, Gerald"]
[Black "Hoelzl, Franz"]
[Result "1-0"]
[WhiteElo "2186"]
[BlackElo "2333"]
[PlyCount "49"]
[EventDate "2009.10.10"]
[EventType "team"]
[EventRounds "11"]
[EventCountry "AUT"]
[WhiteTeam "Admira Villach"]
[BlackTeam "ZH-Technologies Wolfsberg"]

1.d4 Nf6 2.c4 e6 3.Nf3 d5 4.Nc3 c6 5.Bg5 dxc4 6.e4 b5 7.e5 h6 8.Bh4 g5 9.Nxg5
hxg5 10.Bxg5 Nbd7 11.exf6 Qa5 12.Be2 Bb7 13.O-O O-O-O 14.Qc2 Bh6 15.h4 Bxg5
16.hxg5 c5 17.a4 Qc7 18.f4 bxa4 19.Rxa4 Kb8 20.Rxc4 Rh4 21.dxc5 Rdh8 22.Qb3 Nxc5
23.Qb5 Rh2 24.Rf3 Rxg2+ 25.Kxg2

[Event "2. Bundesliga Mitte 2009/2010"]
[Site "St. Veit/Glan"]
[Date "2010.04.18"]
[Round "11"]
[Board "2"]
[White "Mikac, Matjaz"]
[Black "Perhinig, Robert"]
[Result "1/2-1/2"]
[WhiteElo "2384"]
[BlackElo "2287"]
[PlyCount "62"]
[EventDate "2009.10.10"]
[EventType "team"]
[EventRounds "11"]
[EventCountry "AUT"]
[WhiteTeam "ZH-Technologies Wolfsberg"]
[BlackTeam "Admira Villach"]

1.Nf3 d5 2.g3 Nf6 3.Bg2 e6 4.d4 b5 5.O-O Bb7 6.Bg5 Be7 7.c3 Nbd7 8.a4 b4 9.Bxf6
Nxf6 10.a5 bxc3 11.Nxc3 c5 12.Ne5 a6 13.Qa4+ Nd7 14.e4 f6 15.Nxd7 Qxd7 16.Qxd7+
Kxd7 17.exd5 exd5 18.Bxd5 cxd4 19.Bxb7 Ra7 20.Rfd1 Rxb7 21.Rxd4+ Ke6 22.Na4 Rc8
23.Nb6 Rc2 24.b4 Rb2 25.Re1+ Kf7 26.Nd5 Bxb4 27.Nxb4 R2xb4 28.Rd6 Ra4 29.Rxa6
Ra2 30.Rb6 Rxb6 31.axb6 Rb2

[Event "2. Bundesliga Mitte 2009/2010"]
[Site "St. Veit/Glan"]
[Date "2010.04.18"]
[Round "11"]
[Board "3"]
[White "Frank, Dieter"]
[Black "Wegerer, Fred"]
[Result "1-0"]
[WhiteElo "2144"]
[BlackElo "2215"]
[PlyCount "89"]
[EventDate "2009.10.10"]
[EventType "team"]
[EventRounds "11"]
[EventCountry "AUT"]
[WhiteTeam "Admira Villach"]
[BlackTeam "ZH-Technologies Wolfsberg"]

1.e4 c5 2.c3 d6 3.d4 Nf6 4.Bd3 Nc6 5.Ne2 e5 6.Nd2 Be7 7.d5 Nb8 8.Ng3 g6 9.a4 h5
10.Nc4 Nbd7 11.a5 b5 12.axb6 Nxb6 13.Na5 Bg4 14.f3 Bd7 15.Qe2 Kf8 16.Bb5 h4
17.Nf1 Nh5 18.Bxd7 Qxd7 19.Nc6 Kg7 20.Be3 Nf4 21.Bxf4 exf4 22.h3 Bf6 23.Nd2 Rhe8
24.Qd3 a5 25.O-O a4 26.Ra2 Qb7 27.Rfa1 Qa6 28.Qxa6 Rxa6 29.Kf2 Kf8 30.Nb1 Nc4
31.b3 Ne3 32.Rxa4 Rb6 33.Ra8 Rxa8 34.Rxa8+ Kg7 35.b4 Nd1+ 36.Ke2 Nxc3+ 37.Nxc3
Bxc3 38.bxc5 dxc5 39.Kd3 Bd4 40.Nxd4 cxd4 41.Kxd4 Rb2 42.d6 Rd2+ 43.Ke5 g5
44.Ra5 g4 45.fxg4

[Event "2. Bundesliga Mitte 2009/2010"]
[Site "St. Veit/Glan"]
[Date "2010.04.18"]
[Round "11"]
[Board "4"]
[White "Waldmann, Gerald"]
[Black "Hafner, Robert"]
[Result "1/2-1/2"]
[WhiteElo "2173"]
[BlackElo "2110"]
[PlyCount "74"]
[EventDate "2009.10.10"]
[EventType "team"]
[EventRounds "11"]
[EventCountry "AUT"]
[WhiteTeam "ZH-Technologies Wolfsberg"]
[BlackTeam "Admira Villach"]

1.e4 c6 2.d4 d5 3.exd5 cxd5 4.c4 Nf6 5.Nc3 dxc4 6.Bxc4 e6 7.Nf3 Nc6 8.O-O Be7
9.Bf4 O-O 10.Qd3 b6 11.a3 Bb7 12.Rfd1 Na5 13.Ba2 Nd5 14.Nxd5 Bxd5 15.b4 Nc6
16.Ne5 Rc8 17.Rd2 Bxa2 18.Raxa2 Nxe5 19.Bxe5 Qd5 20.Rac2 Rfd8 21.h3 f6 22.Bf4 f5
23.Be5 Bd6 24.Qe2 h6 25.Kh2 Kh7 26.f4 Rxc2 27.Rxc2 Rd7 28.Rc8 Bxe5 29.dxe5 Qd4
30.Rc4 Qd5 31.Qc2 b5 32.Rc5 Qd4 33.Qc1 Qf2 34.Rc2 Qd4 35.Rc6 Qf2 36.Rc2 Qd4
37.Rc6 Qf2

[Event "2. Bundesliga Mitte 2009/2010"]
[Site "St. Veit/Glan"]
[Date "2010.04.18"]
[Round "11"]
[Board "5"]
[White "Bartl, Ulf"]
[Black "Toefferl, Heimo"]
[Result "1-0"]
[WhiteElo "2024"]
[BlackElo "2142"]
[PlyCount "87"]
[EventDate "2009.10.10"]
[EventType "team"]
[EventRounds "11"]
[EventCountry "AUT"]
[WhiteTeam "Admira Villach"]
[BlackTeam "ZH-Technologies Wolfsberg"]

1.d4 e6 2.c4 f5 3.g3 d5 4.Bg2 c6 5.Qc2 Bd6 6.Nh3 Nf6 7.O-O O-O 8.Bf4 Be7 9.Bg5
a5 10.Nd2 Bd7 11.Nf4 Na6 12.Rac1 Rc8 13.Nf3 Qe8 14.Nd3 c5 15.cxd5 exd5 16.dxc5
Nxc5 17.Qb1 Nce4 18.Be3 Ng4 19.Rxc8 Bxc8 20.Bd4 Qh5 21.h3 Ngf6 22.Nf4 Qf7 23.h4
h6 24.Qd1 Bd6 25.Ne5 Bxe5 26.Bxe5 Ng4 27.Bd4 g5 28.hxg5 hxg5 29.Nh3 Ngf6 30.Bxf6
Qxf6 31.Qxd5+ Be6 32.Qxb7 Nd6 33.Qc6 Nf7 34.Bd5 Nd8 35.Bxe6+ Nxe6 36.Rd1 Rf7
37.Rd6 Re7 38.Nxg5 Qxg5 39.Rxe6 Rg7 40.Re8+ Kh7 41.Qh1+ Kg6 42.Re6+ Kf7 43.Qd5
Kf8 44.Qa8+

[Event "2. Bundesliga Mitte 2009/2010"]
[Site "St. Veit/Glan"]
[Date "2010.04.18"]
[Round "11"]
[Board "6"]
[White "Tiefenbacher, Richard Jun."]
[Black "Bresch, Manfred"]
[Result "1/2-1/2"]
[WhiteElo "2041"]
[BlackElo "1891"]
[PlyCount "62"]
[EventDate "2009.10.10"]
[EventType "team"]
[EventRounds "11"]
[EventCountry "AUT"]
[WhiteTeam "ZH-Technologies Wolfsberg"]
[BlackTeam "Admira Villach"]

1.d4 d5 2.c4 e6 3.Nc3 Nf6 4.Nf3 Be7 5.e3 O-O 6.Bd3 dxc4 7.Bxc4 Nbd7 8.O-O c5
9.Qe2 cxd4 10.exd4 Nb6 11.Bd3 Bd7 12.Rd1 Bc6 13.Ne5 Rc8 14.Be3 Nbd5 15.Rac1 Qb6
16.Nxc6 Rxc6 17.Nxd5 Nxd5 18.Rxc6 Qxc6 19.Rc1 Qd7 20.Bb5 Qd6 21.Qc2 Rd8 22.a3
Bf6 23.Bd3 g6 24.Be4 Kg7 25.g3 Rd7 26.Qd2 Ne7 27.Rd1 Nd5 28.Bf3 Rc7 29.Rc1 Rc6
30.Rxc6 Qxc6 31.Kg2 Qb6

[Event "2. Bundesliga Mitte 2009/2010"]
[Site "St. Veit/Glan"]
[Date "2010.04.18"]
[Round "11"]
[Board "1"]
[White "Skoberne, Jure"]
[Black "Lenic, Luka"]
[Result "1/2-1/2"]
[WhiteElo "2509"]
[BlackElo "2603"]
[PlyCount "33"]
[EventDate "2009.10.10"]
[EventType "team"]
[EventRounds "11"]
[EventCountry "AUT"]
[WhiteTeam "ESV Austria Graz"]
[BlackTeam "SV Raika Rapid Feffernitz"]

1.e4 c6 2.d4 d5 3.exd5 cxd5 4.c4 Nf6 5.Nc3 e6 6.Nf3 Be7 7.cxd5 Nxd5 8.Bd3 Nc6
9.O-O Nf6 10.a3 O-O 11.Be3 Nd5 12.Nxd5 Qxd5 13.Qe2 Rd8 14.Bc4 Qf5 15.Bd3 Qd5
16.Bc4 Qf5 17.Bd3

[Event "2. Bundesliga Mitte 2009/2010"]
[Site "St. Veit/Glan"]
[Date "2010.04.18"]
[Round "11"]
[Board "3"]
[White "Kotz, Heinz Peter"]
[Black "Novak, Pavel"]
[Result "0-1"]
[WhiteElo "2332"]
[BlackElo "2372"]
[PlyCount "120"]
[EventDate "2009.10.10"]
[EventType "team"]
[EventRounds "11"]
[EventCountry "AUT"]
[WhiteTeam "ESV Austria Graz"]
[BlackTeam "SV Raika Rapid Feffernitz"]

1.e4 c5 2.c3 Nf6 3.e5 Nd5 4.d4 cxd4 5.Nf3 Nc6 6.Bc4 Nb6 7.Bb3 d5 8.exd6 Qxd6
9.O-O Be6 10.Bxe6 Qxe6 11.Nxd4 Nxd4 12.Qxd4 Rd8 13.Qc5 Qd5 14.Be3 Qxc5 15.Bxc5
e6 16.Bd4 f6 17.Nd2 Na4 18.Ne4 b6 19.b3 Nc5 20.Nxf6+ gxf6 21.Bxf6 Rg8 22.Bxd8
Kxd8 23.Rad1+ Ke7 24.Rfe1 Bg7 25.Re3 Rc8 26.Rg3 Bf8 27.Rh3 h6 28.Re3 Nd7 29.f4
Bg7 30.f5 e5 31.Rg3 Bf8 32.Re3 Rc7 33.g4 Kf7 34.Kg2 Nf6 35.h3 e4 36.b4 a6 37.Kg3
Rc6 38.Kg2 Bd6 39.Re2 Be5 40.h4 Rxc3 41.Rg1 Rg3+ 42.Kf1 Rf3+ 43.Kg2 Nxg4 44.Rxe4
Rf2+ 45.Kh3 h5 46.Rxe5 Rf3+ 47.Kg2 Nxe5 48.b5 axb5 49.Rb1 Ra3 50.Rxb5 Kf6
51.Rxb6+ Kxf5 52.Rb2 Nd3 53.Rd2 Nf4+ 54.Kg1 Kg4 55.Rd8 Rxa2 56.Rd4 Kf3 57.Rb4
Nh3+ 58.Kh1 Nf2+ 59.Kh2 Nd3+ 60.Kh3 Ra1

[Event "2. Bundesliga Mitte 2009/2010"]
[Site "St. Veit/Glan"]
[Date "2010.04.18"]
[Round "11"]
[Board "4"]
[White "Reiss, Georg"]
[Black "Ebner, Hubert"]
[Result "1/2-1/2"]
[WhiteElo "2153"]
[BlackElo "2194"]
[PlyCount "60"]
[EventDate "2009.10.10"]
[EventType "team"]
[EventRounds "11"]
[EventCountry "AUT"]
[WhiteTeam "SV Raika Rapid Feffernitz"]
[BlackTeam "ESV Austria Graz"]

1.d4 Nf6 2.c4 g6 3.Nc3 d5 4.Nf3 Bg7 5.e3 O-O 6.Be2 c5 7.O-O cxd4 8.exd4 Nc6 9.h3
dxc4 10.Bxc4 b6 11.a3 Na5 12.Ba2 Bb7 13.b4 Rc8 14.Nb5 Bxf3 15.Qxf3 Qd7 16.bxa5
Qxb5 17.axb6 axb6 18.Rb1 Qd7 19.Rxb6 Qxd4 20.Be3 Qa4 21.Bc1 e6 22.Rd1 Rfd8
23.Rxd8+ Rxd8 24.Bb3 Qd4 25.Rc6 Nd5 26.a4 Qa1 27.Kh2 Nb4 28.Rc4 Nd3 29.Qd1 Bf6
30.Qc2 Nxc1

[Event "2. Bundesliga Mitte 2009/2010"]
[Site "St. Veit/Glan"]
[Date "2010.04.18"]
[Round "11"]
[Board "5"]
[White "Fahrner, Kurt"]
[Black "Tomitz, Hermann"]
[Result "1-0"]
[WhiteElo "2300"]
[BlackElo "2101"]
[PlyCount "87"]
[EventDate "2009.10.10"]
[EventType "team"]
[EventRounds "11"]
[EventCountry "AUT"]
[WhiteTeam "ESV Austria Graz"]
[BlackTeam "SV Raika Rapid Feffernitz"]

1.g3 g6 2.Bg2 Bg7 3.c4 c5 4.Nc3 Nc6 5.Nf3 d6 6.O-O e5 7.d3 Nge7 8.Rb1 O-O 9.a3
a5 10.Bd2 Bf5 11.h3 h6 12.Ne1 Be6 13.Nd5 Bxd5 14.cxd5 Nb8 15.Nc2 b5 16.a4 b4
17.Ne3 Nd7 18.Nc4 Nb6 19.Nxb6 Qxb6 20.Qb3 Kh7 21.Rbc1 Rac8 22.Qc4 f5 23.b3 Ng8
24.e3 Rce8 25.Rce1 Nf6 26.Bc1 e4 27.Bb2 exd3 28.Bxf6 d2 29.Rd1 Bxf6 30.Rxd2 Be5
31.Bf3 Re7 32.Kg2 Kg7 33.Rc2 Ref7 34.Qd3 Qd8 35.Rc4 Kh8 36.Bd1 Qf6 37.Bc2 g5
38.Bd1 f4 39.exf4 gxf4 40.Bh5 Rg7 41.Re4 Qg5 42.Qf3 Rfg8 43.Bg4 Rg6 44.gxf4

[Event "2. Bundesliga Mitte 2009/2010"]
[Site "St. Veit/Glan"]
[Date "2010.04.18"]
[Round "11"]
[Board "6"]
[White "Arztmann, Wolfgang"]
[Black "Aschenbrenner, Robert"]
[Result "1-0"]
[WhiteElo "2102"]
[BlackElo "2262"]
[PlyCount "69"]
[EventDate "2009.10.10"]
[EventType "team"]
[EventRounds "11"]
[EventCountry "AUT"]
[WhiteTeam "SV Raika Rapid Feffernitz"]
[BlackTeam "ESV Austria Graz"]

1.e4 c6 2.d4 d5 3.exd5 cxd5 4.c4 Nf6 5.Nc3 Nc6 6.Nf3 Bg4 7.cxd5 Nxd5 8.Qb3 Bxf3
9.gxf3 Nb6 10.d5 Nd4 11.Bb5+ Nd7 12.Qd1 Nxb5 13.Nxb5 a6 14.Nc3 g6 15.O-O Bg7
16.Re1 O-O 17.Bg5 f6 18.d6 e6 19.Bf4 g5 20.Be3 Rf7 21.Ne4 Nf8 22.Qb3 b5 23.a4
Rb8 24.a5 Rd7 25.Bb6 Qe8 26.Bc7 Ra8 27.Nc5 Kf7 28.Rac1 Ra7 29.Nxd7 Nxd7 30.Bb6
Rb7 31.Rc7 Rxc7 32.dxc7 Ne5 33.Qc3 Nc4 34.b3 f5 35.Bd4

[Event "2. Bundesliga Mitte 2009/2010"]
[Site "St. Veit/Glan"]
[Date "2010.04.18"]
[Round "11"]
[Board "1"]
[White "Sandhu, Mario"]
[Black "Pilaj, Herwig"]
[Result "1/2-1/2"]
[WhiteElo "2316"]
[BlackElo "2363"]
[PlyCount "47"]
[EventDate "2009.10.10"]
[EventType "team"]
[EventRounds "11"]
[EventCountry "AUT"]
[WhiteTeam "RbEJ Gleisdorf"]
[BlackTeam "SC Die Klagenfurter"]

1.Nf3 Nf6 2.b3 g6 3.Bb2 Bg7 4.c4 O-O 5.g3 c6 6.Bg2 d5 7.O-O Bg4 8.d3 Bxf3 9.Bxf3
Nbd7 10.Nd2 e6 11.Qc2 Re8 12.Rac1 a5 13.a3 Qe7 14.Qb1 Rec8 15.Bg2 Ne8 16.Bxg7
Nxg7 17.Qb2 Qf6 18.Qxf6 Nxf6 19.d4 b5 20.c5 Nd7 21.Bh3 Nf6 22.Bg2 Nd7 23.Bh3 Nf6
24.Bg2

[Event "2. Bundesliga Mitte 2009/2010"]
[Site "St. Veit/Glan"]
[Date "2010.04.18"]
[Round "11"]
[Board "2"]
[White "Genser, Harald"]
[Black "Wanderer, Thomas"]
[Result "1/2-1/2"]
[WhiteElo "2272"]
[BlackElo "2220"]
[PlyCount "60"]
[EventDate "2009.10.10"]
[EventType "team"]
[EventRounds "11"]
[EventCountry "AUT"]
[WhiteTeam "SC Die Klagenfurter"]
[BlackTeam "RbEJ Gleisdorf"]

1.d4 c6 2.c4 d6 3.Nc3 Nf6 4.e4 e5 5.Nf3 Nbd7 6.Be2 Be7 7.O-O O-O 8.Re1 Re8 9.Bf1
Bf8 10.d5 Qc7 11.h3 a6 12.Be3 cxd5 13.cxd5 b5 14.Rc1 Qb7 15.b4 Nb6 16.Nd2 Bd7
17.Qb3 Rac8 18.Rc2 Rc7 19.Rec1 Rec8 20.Nd1 Be7 21.Rxc7 Rxc7 22.Rxc7 Qxc7 23.Qc3
Bd8 24.Qxc7 Bxc7 25.Nc3 Ne8 26.Bd3 Kf8 27.Kf1 Ke7 28.Ke2 g6 29.Kd1 f6 30.Kc2 Kd8

[Event "2. Bundesliga Mitte 2009/2010"]
[Site "St. Veit/Glan"]
[Date "2010.04.18"]
[Round "11"]
[Board "4"]
[White "Wertjanz, David"]
[Black "Sandner, Wolfgang"]
[Result "1/2-1/2"]
[WhiteElo "2126"]
[BlackElo "2224"]
[PlyCount "68"]
[EventDate "2009.10.10"]
[EventType "team"]
[EventRounds "11"]
[EventCountry "AUT"]
[WhiteTeam "SC Die Klagenfurter"]
[BlackTeam "RbEJ Gleisdorf"]

1.e4 c6 2.d4 d6 3.Nc3 Qc7 4.f4 e5 5.Nf3 Nd7 6.Be3 Ngf6 7.Qd2 Be7 8.O-O-O exd4
9.Nxd4 Nc5 10.e5 dxe5 11.fxe5 Nfe4 12.Nxe4 Nxe4 13.Qd3 Nc5 14.Qe2 O-O 15.Bf2 Re8
16.Bg3 Qa5 17.Kb1 Na4 18.Nb3 Qb6 19.Qe4 Nc5 20.Nxc5 Qxc5 21.Bc4 Be6 22.Bxe6 fxe6
23.Qg4 Bf8 24.Rd7 Re7 25.Rxe7 Qxe7 26.Bh4 Qf7 27.Rd1 Be7 28.Bxe7 Qxe7 29.Rd6 Re8
30.b3 h6 31.Qd4 Qf7 32.Kb2 a6 33.Rd7 Re7 34.Rd8+ Re8

[Event "2. Bundesliga Mitte 2009/2010"]
[Site "St. Veit/Glan"]
[Date "2010.04.18"]
[Round "11"]
[Board "5"]
[White "Knoll, Martin"]
[Black "Jakits, Leopold"]
[Result "0-1"]
[WhiteElo "2038"]
[BlackElo "1982"]
[PlyCount "143"]
[EventDate "2009.10.10"]
[EventType "team"]
[EventRounds "11"]
[EventCountry "AUT"]
[WhiteTeam "RbEJ Gleisdorf"]
[BlackTeam "SC Die Klagenfurter"]

1.d4 Nf6 2.Nc3 d5 3.Bg5 Bf5 4.e4 dxe4 5.f3 Nbd7 6.Bc4 exf3 7.Nxf3 e6 8.O-O Be7
9.Qd2 O-O 10.Rae1 Nb6 11.Bb3 c5 12.dxc5 Bxc5+ 13.Kh1 Qxd2 14.Nxd2 Bd4 15.Nd1 h6
16.Bh4 g5 17.Bg3 Rad8 18.Nf3 Bc5 19.Ne3 Bg6 20.Ne5 Kg7 21.Nxg6 Kxg6 22.Be5 Nfd5
23.Nxd5 Nxd5 24.c4 Ne3 25.Rf6+ Kh7 26.h3 Rd2 27.g4 Ng2 28.Rc1 Be7 29.Rf3 Nh4
30.Rff1 Kg8 31.Bg3 Ng6 32.Bc2 Kg7 33.Be1 Rd7 34.Bc3+ f6 35.Ba4 Rd3 36.Rcd1 Rfd8
37.Rxd3 Rxd3 38.Rd1 Nf4 39.Rxd3 Nxd3 40.Bd4 b6 41.a3 Bc5 42.Bc3 Nf4 43.b4 Bd6
44.h4 gxh4 45.Be1 Ng6 46.Kg2 Ne5 47.Bb3 Nxg4 48.Bxh4 f5 49.Kf3 e5 50.Bc2 e4+
51.Ke2 Ne5 52.Bb3 Kg6 53.Bf2 Nd3 54.Be3 f4 55.Bd2 f3+ 56.Kf1 h5 57.Bc2 Kf5
58.Be3 Ne5 59.c5 Bc7 60.a4 bxc5 61.Bxc5 Bb6 62.Bxb6 axb6 63.a5 bxa5 64.bxa5 Nc6
65.a6 Kf4 66.Bb3 e3 67.Bd5 Na7 68.Be6 h4 69.Kg1 Kg3 70.Kf1 h3 71.Kg1 e2 72.Bxh3